000 00847nam a2200301Ia 4500
001 92487
003 IT-RoPAU
008 130308s9999 xx 000 0 und d
040 _aIT-RoPAU
040 _cIT-RoPAU
041 _aSPAGNOLO
100 _aJimenez De Parga Manuel
100 _gCodice Aut. SPICS: 32444
245 _aAntena-3
245 _bTelevision publica - television Privada
250 _a1a ed.
260 _aPAMPLONA
260 _bUniversidad De Navarra
260 _c1982 [1° Ed.:1982 - Ed.Ling.Originale:1981]
300 _a"11 p. (prefazione: no ; testo: 11 [pagine: 161-171])"
500 _aAntenna 3 Televisione spagnola in Cammino Verso la Televisione Privata
650 _aSAGGI SULLA TELEVISIONE
650 _eCodice materia Spics: 6961
942 _cBK
957 _71
999 _c57544
_d57544
999 _bSI
999 _g1